Essentials of psychiatric mental health nursing / (Record no. 19713)
[ view plain ]
| 000 -LEADER | |
|---|---|
| fixed length control field | 02201cam a22003614a 4500 |
| 001 - CONTROL NUMBER | |
| control field | 13532228 |
| 003 - CONTROL NUMBER IDENTIFIER | |
| control field | MUT |
| 005 - DATE AND TIME OF LATEST TRANSACTION | |
| control field | 20240606081503.0 |
| 008 - FIXED-LENGTH DATA ELEMENTS--GENERAL INFORMATION | |
| fixed length control field | 040319s2005 paua b 001 0 eng |
| 010 ## - LIBRARY OF CONGRESS CONTROL NUMBER | |
| LC control number | 2004006560 |
| 020 ## - INTERNATIONAL STANDARD BOOK NUMBER | |
| International Standard Book Number | 0803612672 (hardcover : alk. paper) |
| 035 ## - SYSTEM CONTROL NUMBER | |
| System control number | (DNLM)101210691 |
| 040 ## - CATALOGING SOURCE | |
| Original cataloging agency | DNLM/DLC |
| Transcribing agency | MUT |
| Modifying agency | DLC |
| 042 ## - AUTHENTICATION CODE | |
| Authentication code | pcc |
| 050 00 - LIBRARY OF CONGRESS CALL NUMBER | |
| Classification number | RC440 |
| Item number | .T689 2005 |
| 060 10 - NATIONAL LIBRARY OF MEDICINE CALL NUMBER | |
| Classification number | WY 160 |
| Item number | T749e 2005 |
| 082 00 - DEWEY DECIMAL CLASSIFICATION NUMBER | |
| Classification number | 616.89/0231 |
| Edition information | 22 |
| 100 1# - MAIN ENTRY--PERSONAL NAME | |
| Personal name | Townsend, Mary C., |
| Dates associated with a name | 1941- |
| 245 10 - TITLE STATEMENT | |
| Title | Essentials of psychiatric mental health nursing / |
| 246 30 - VARYING FORM OF TITLE | |
| Title proper/short title | Psychiatric mental health nursing |
| 250 ## - EDITION STATEMENT | |
| Edition statement | 3rd ed. |
| 260 ## - PUBLICATION, DISTRIBUTION, ETC. | |
| Place of publication, distribution, etc. | Philadelphia : |
| Name of publisher, distributor, etc. | F.A. Davis, |
| Date of publication, distribution, etc. | c2005. |
| 300 ## - PHYSICAL DESCRIPTION | |
| Extent | xx, 697 p. : |
| Other physical details | col. ill. ; |
| Dimensions | 25 cm. + |
| Accompanying material | 1 CD-ROM (4 3/4 in.) |
| 504 ## - BIBLIOGRAPHY, ETC. NOTE | |
| Bibliography, etc. note | Includes bibliographical references and index. |
| 505 0# - FORMATTED CONTENTS NOTE | |
| Formatted contents note | Mental health and mental illness -- Concepts of personality development -- Biological implications -- Ethical and legal issues -- Relationship development and therapeutic communication -- The nursing process in psychiatric/mental health nursing -- Milieu : the therapeutic environment -- Intervention in groups -- Intervening in crises -- Psychopharmacology -- Complementary and psychosocial therapies -- Delirium, dementia, and amnestic disorders -- Substance-related disorders -- Schizophrenia and other psychotic disorders -- Mood disorders -- Anxiety disorders -- Anxiety-related disorders -- Disorders of human sexuality -- Eating disorders -- Personality disorders -- Children and adolescents -- Victims of abuse or neglect -- The aging individual -- Community mental health nursing -- The bereaved individual. |
| 538 ## - SYSTEM DETAILS NOTE | |
| System details note | Minimum system requirements: CPU: Pentium III or higher; 64 MB RAM; 128 MB RAM preferred; 800 x 600 monitor with thousands of colors; OS: Windows 9x/ME/NT/2000/XP; 8x DS-ROM drive; 20 MB hard disk space. |
| 650 #0 - SUBJECT ADDED ENTRY--TOPICAL TERM | |
| Topical term or geographic name entry element | Psychiatric nursing. |
| 650 12 - SUBJECT ADDED ENTRY--TOPICAL TERM | |
| Topical term or geographic name entry element | Psychiatric Nursing |
| General subdivision | methods. |
| 650 22 - SUBJECT ADDED ENTRY--TOPICAL TERM | |
| Topical term or geographic name entry element | Mental Disorders |
| General subdivision | nursing. |
| 906 ## - LOCAL DATA ELEMENT F, LDF (RLIN) | |
| a | 7 |
| b | cbc |
| c | orignew |
| d | 1 |
| e | ecip |
| f | 20 |
| g | y-gencatlg |
| 942 ## - ADDED ENTRY ELEMENTS (KOHA) | |
| Source of classification or shelving scheme | Library of Congress Classification |
| Koha item type | Books |
| Withdrawn status | Lost status | Source of classification or shelving scheme | Damaged status | Not for loan | Home library | Current library | Shelving location | Date acquired | Source of acquisition | Total checkouts | Full call number | Barcode | Date last seen | Price effective from | Koha item type |
|---|---|---|---|---|---|---|---|---|---|---|---|---|---|---|---|
| Library of Congress Classification | Murang'a University of Technology Library | Murang'a University of Technology Library | General stacks | 05/07/2019 | Donation-TFC | RC440 .T689 2005 | 027091 | 30/08/2024 | 05/07/2019 | Books |